La linguistique
Shranjeno v:
| Glavni avtor: | |
|---|---|
| Format: | Knjiga |
| Jezik: | francoščina |
| Izdano: |
París
C. Reinwald
1881
|
| Serija: | Bibliothèque des Sciences Contemporaines
|
| Teme: | |
| Oznake: |
Označite
Brez oznak, prvi označite!
|
MARC
| LEADER | 00000nam a2200000 a 4500 | ||
|---|---|---|---|
| 001 | UCI0064 | ||
| 003 | CL-VaPUC | ||
| 008 | 070420e18810000FR |||||||||||||||||fre|d | ||
| 082 | 0 | 4 | |a 410 |b HOV |2 21 |
| 100 | 0 | |a Hovelacque, Abel |e author |9 520151 | |
| 245 | 1 | 3 | |a La linguistique |
| 300 | |a 435 p | ||
| 942 | |c BK | ||
| 945 | |d 20070420 00:00:00 |a jtorresc | ||
| 260 | |a París |b C. Reinwald |c 1881 | ||
| 650 | 0 | |a Lingüística |9 265068 | |
| 650 | 0 | |a Fonología |9 341074 | |
| 650 | 0 | |a Semántica |9 265318 | |
| 650 | 0 | |a Psicolingüística |9 283371 | |
| 650 | 0 | |a Sociolingüística |9 263716 | |
| 650 | 0 | |a Lingüística aplicada |9 313266 | |
| 583 | |a last modification |c 20130304 02:24:34 |k Rodrigo Vera | ||
| 490 | 0 | |a Bibliothèque des Sciences Contemporaines | |
| 999 | |c 325355 |d 325353 | ||
| 952 | |0 0 |1 0 |4 0 |6 410_000000000000000_HOV_1881 |7 0 |8 A |9 406109 |a FDOPOS |b FDOPOS |d 2019-11-22 |i 4274164 |o 410 HOV 1881 |p 4274164 |r 2025-01-22 |w 2019-11-22 |y BK |k MLA | ||